Paroles - Champagne - Suzane - Statistiques

Statistiques générales
  • Ce quiz a été pris 22 fois
    18 depuis la dernière actualisation
  • Le résultat moyen est 252 sur 353
Statistiques - réponses
Answer
% Correct
a
100%
à
100%
Ce
100%
ce
100%
champ
100%
Champagne
100%
champagne
100%
de
100%
en
100%
En
100%
faire
100%
fais
100%
Je
100%
le
100%
pas
100%
Quand
100%
que
100%
Que
100%
qui
100%
soir
100%
un
100%
bonne
88%
compagnie
88%
coucou
88%
des
88%
général
88%
Il
88%
il
88%
la
88%
mon
88%
on
88%
On
88%
parlons
88%
Parlons
88%
pour
88%
qu'on
88%
se
88%
tchin
88%
Tout
88%
tout
88%
trop
88%
y
88%
Y
88%
anxiété
75%
boire
75%
choses
75%
Dans
75%
dans
75%
d'SCH
75%
est
75%
et
75%
Et
75%
fâchent
75%
j'suis
75%
J'te
75%
les
75%
Les
75%
près
75%
présente
75%
promis
75%
Promis
75%
puis
75%
Santé
75%
s'était
75%
si
75%
sociale
75%
te
75%
va
75%
au
63%
ça
63%
Ça
63%
c'est
63%
comment
63%
d'choses
63%
dit
63%
fait
63%
faut
63%
gens
63%
j'avais
63%
mais
63%
mec
63%
peu
63%
Pourtant
63%
revus
63%
sont
63%
tant
63%
T'as
63%
t'as
63%
Alors
50%
d'bises
50%
dire
50%
fête
50%
moment
50%
ne
50%
passées
50%
plus
50%
s'reverrait
50%
Sur
50%
sur
50%
surface
50%
ton
50%
Verre
50%
bien
38%
boule
38%
bulles
38%
costumes
38%
couplet
38%
cru
38%
danse
38%
d'eau
38%
d'Elvire
38%
discussions
38%
d'scandale
38%
facette
38%
fours
38%
job
38%
J'revois
38%
Là-bas
38%
lourd
38%
lui
38%
main
38%
marche
38%
même
38%
monde
38%
nos
38%
paillettes
38%
petits
38%
piges
38%
qu'il
38%
rit
38%
robes
38%
s'demande
38%
ses
38%
sifflé
38%
soirée
38%
Sortez
38%
surtout
38%
t'arrêtais
38%
trinque
38%
Trois
38%
Zara
38%
barre
25%
bitche
25%
blague
25%
bras
25%
celui
25%
commence
25%
déraper
25%
était
25%
folle
25%
ivre
25%
J'crois
25%
j'fais
25%
lâche
25%
l'ambiance
25%
L'année
25%
l'arrache
25%
noie
25%
nulle
25%
olé
25%
photos
25%
premier
25%
prend
25%
putain
25%
Remplissez
25%
revoir
25%
s'dira
25%
sourit
25%
suivre
25%
Terre
25%
têtes
25%
toujours
25%
transpire
25%
verres
25%
vider
25%
coupes
13%
distance
13%
hmm
13%
J'gâche
13%
J'vais
13%
parle
13%
Ruinart
13%
Aucun quiz correspondant
Distribution des résultats
% des personnes avec chaque résultat
Percentile par nombre de réponses
Votre historique - résultats
Vous n’avez pas pris ce quiz depuis la dernière actualisation